[Event "New York Int op 12th"]
[Site "New York"]
[Date "2019.07.12"]
[Round "4"]
[White "Wang, Wesley"]
[Black "Shen, Victor C"]
[Result "0-1"]
[WhiteElo "2328"]
[BlackElo "2418"]
[PlyCount "88"]
[EventDate "2019.07.10"]
[EventType "swiss"]
[EventRounds "9"]
[EventCountry "USA"]
[SourceTitle "CBM 191 Extra"]
[Source "ChessBase"]
[SourceDate "2019.09.30"]
[SourceVersion "1"]
[SourceVersionDate "2019.09.30"]
[SourceQuality "1"]

1. e4 e5 2. Nf3 Nc6 3. Bb5 a6 4. Ba4 d6 5. Bxc6+ bxc6 6. d4 f6 7. Nc3 g6 8. Be3 Bg7 9. h4 Rb8 10. h5 Rxb2 11. h6 Bf8 12. Qd3 Rb8 13. Rd1 Qd7 14. Qc4 exd4 15. Nxd4 c5 16. Nf3 Ne7 17. 0-0 Qe6 18. Qd3 g5 19. Rfe1 Bxh6 20. Nd5 Rb7 21. Bxc5 dxc5 22. Nxc7+ Rxc7 23. Qd8+ Kf7 24. Qxh8 Kg6 25. e5 Bg7 26. Qd8 Rd7 27. Qe8+ Kh6 28. exf6 Rxd1 29. Rxd1 Bxf6 30. Re1 Qd6 31. Rxe7 Bxe7 32. Qxc8 Qd1+ 33. Kh2 Bd6+ 34. g3 Qxf3 35. Qe6+ Kh5 36. Qe8+ Kh6 37. Qe6+ Kg7 38. Qxd6 Qxf2+ 39. Kh3 Qf5+ 40. g4 Qf3+ 41. Kh2 Qf4+ 42. Qxf4 gxf4 43. Kg2 Kf6 44. Kf3 Kg5 0-1

[Event "Dulles Cherry Blossom op"]
[Site "Dulles"]
[Date "2019.05.27"]
[Round "8"]
[White "Zhou, Liran"]
[Black "Wang, Wesley"]
[Result "0-1"]
[WhiteElo "2206"]
[BlackElo "2319"]
[PlyCount "74"]
[EventDate "2019.05.23"]
[EventType "swiss"]
[EventRounds "9"]
[EventCountry "USA"]
[SourceTitle "CBM 190 Extra"]
[Source "ChessBase"]
[SourceDate "2019.07.15"]
[SourceVersion "1"]
[SourceVersionDate "2019.07.15"]
[SourceQuality "1"]

1. e4 c6 2. d4 d5 3. Nd2 dxe4 4. Nxe4 Nf6 5. Nxf6+ exf6 6. c3 Bd6 7. Bd3 0-0 8. Qc2 Re8+ 9. Ne2 h5 10. Be3 Nd7 11. 0-0-0 Nf8 12. Kb1 Be6 13. Nf4 Bxf4 14. Bxf4 g6 15. Bh6 f5 16. f3 a5 17. Rhe1 a4 18. Bf1 b5 19. c4 bxc4 20. Bxf8 Kxf8 21. Bxc4 Bxc4 22. Qxc4 a3 23. Qxc6 Rxe1 24. Rxe1 axb2 25. Qc5+ Kg8 26. d5 Qh4 27. Qc3 Rd8 28. d6 Qa4 29. Qb3 Qc6 30. Rd1 Rd7 31. a4 Qc8 32. Qb5 Rxd6 33. Re1 Kh7 34. Qxb2 Qa6 35. Qa3 Qb6+ 36. Qb2 Qa5 37. Re3 Rd1+ 0-1

[Event "Dulles Cherry Blossom op"]
[Site "Dulles"]
[Date "2019.05.26"]
[Round "7"]
[White "Wang, Wesley"]
[Black "Zapata, Alonso"]
[Result "1/2-1/2"]
[WhiteElo "2319"]
[BlackElo "2444"]
[PlyCount "123"]
[EventDate "2019.05.23"]
[EventType "swiss"]
[EventRounds "9"]
[EventCountry "USA"]
[SourceTitle "CBM 190 Extra"]
[Source "ChessBase"]
[SourceDate "2019.07.15"]
[SourceVersion "1"]
[SourceVersionDate "2019.07.15"]
[SourceQuality "1"]

1. e4 c5 2. Nf3 e6 3. d4 cxd4 4. Nxd4 Nc6 5. Nc3 Qc7 6. g3 d6 7. Bg2 a6 8. 0-0 Nf6 9. Re1 Nxd4 10. Qxd4 Be7 11. Qd3 0-0 12. a4 Bd7 13. a5 Rac8 14. Be3 Bc6 15. Bb6 Qb8 16. Qe2 Rfe8 17. Bd4 Nd7 18. h4 Qc7 19. Ra3 Bf6 20. Bxf6 Nxf6 21. e5 dxe5 22. Qxe5 Bxg2 23. Qxc7 Rxc7 24. Kxg2 Rd8 25. Rb3 Kf8 26. Re2 Ke7 27. Ne4 Rd5 28. Nxf6 gxf6 29. Ra3 Kd7 30. Rf3 f5 31. g4 Rxa5 32. gxf5 Rxf5 33. Rxf5 exf5 34. Kg3 Rc4 35. f3 h5 36. c3 f6 37. Rd2+ Ke6 38. Re2+ Kf7 39. Rd2 f4+ 40. Kf2 Ke6 41. Rd8 Ra4 42. Rb8 b5 43. Ke2 Ra2 44. Kd3 Rxb2 45. Ke4 a5 46. Rb6+ Kd7 47. Kd5 Rb3 48. Rb7+ Kc8 49. Ra7 a4 50. c4 bxc4 51. Rxa4 Rxf3 52. Rxc4+ Kd7 53. Ke4 Rh3 54. Kf5 Ke7 55. Rc7+ Kd6 56. Rf7 Rxh4 57. Rxf6+ Kd5 58. Rf8 f3 59. Rd8+ Kc4 60. Rd1 f2 61. Rf1 Rh2 62. Ke4 1/2-1/2

[Event "New York Marshall Spring IM"]
[Site "New York"]
[Date "2019.03.04"]
[Round "9"]
[White "Lund, Silas"]
[Black "Wang, Wesley"]
[Result "1/2-1/2"]
[WhiteElo "2362"]
[BlackElo "2304"]
[PlyCount "64"]
[EventDate "2019.02.28"]
[EventType "tourn"]
[EventRounds "9"]
[EventCountry "USA"]
[EventCategory "3"]
[SourceTitle "CBM 189 Extra"]
[Source "ChessBase"]
[SourceDate "2019.05.31"]
[SourceVersion "1"]
[SourceVersionDate "2019.05.31"]
[SourceQuality "1"]

1. d4 Nf6 2. c4 c5 3. d5 b5 4. cxb5 a6 5. bxa6 g6 6. Nc3 Bg7 7. e4 0-0 8. Nf3 Qa5 9. Nd2 Bxa6 10. Be2 Ne8 11. 0-0 d6 12. Nb3 Qb6 13. Bg5 f6 14. Be3 Nc7 15. Re1 Nd7 16. f4 f5 17. Bxa6 Rxa6 18. Bf2 fxe4 19. Qd2 Nf6 20. h3 Qb7 21. Nxe4 Nxe4 22. Rxe4 Nxd5 23. Bxc5 Nb6 24. Qe2 Nd5 25. Qc4 dxc5 26. Nxc5 Qxb2 27. Rd1 Rxa2 28. Qxd5+ Kh8 29. Rxe7 Ra5 30. Qd6 Ra2 31. Qd5 Ra5 32. Qd6 Ra2 1/2-1/2

[Event "Charlotte CCCSA Winter IM"]
[Site "Charlotte"]
[Date "2019.01.19"]
[Round "4"]
[White "Jacobson, Aaron"]
[Black "Wang, Wesley"]
[Result "1-0"]
[WhiteElo "2286"]
[BlackElo "2269"]
[PlyCount "57"]
[EventDate "2019.01.17"]
[EventType "tourn"]
[EventRounds "9"]
[EventCountry "USA"]
[EventCategory "2"]
[SourceTitle "CBM 188 Extra"]
[Source "ChessBase"]
[SourceDate "2019.02.28"]
[SourceVersion "1"]
[SourceVersionDate "2019.02.28"]
[SourceQuality "1"]

1. d4 Nf6 2. c4 e6 3. Nf3 d5 4. Bg5 h6 5. Bxf6 Qxf6 6. e3 Bb4+ 7. Nbd2 c5 8. a3 Bxd2+ 9. Qxd2 cxd4 10. Nxd4 dxc4 11. Nb5 Na6 12. Nd6+ Ke7 13. Rd1 e5 14. Nxc4 Bg4 15. Qd5 Rhd8 16. Qxb7+ Kf8 17. Rxd8+ Rxd8 18. f3 Be6 19. Qxa6 Qg6 20. Kf2 Qb1 21. Qa5 Rd5 22. Qe1 Rd1 23. Qb4+ Kg8 24. Nxe5 Qc2+ 25. Kg3 Qc7 26. f4 f6 27. Bc4 Rxh1 28. Bxe6+ Kh7 29. Qe4+ 1-0

[Event "Charlotte CCCSA Winter IM"]
[Site "Charlotte"]
[Date "2019.01.17"]
[Round "1"]
[White "Wang, Wesley"]
[Black "Arvind, C Jayaraman"]
[Result "1-0"]
[WhiteElo "2269"]
[BlackElo "2192"]
[PlyCount "51"]
[EventDate "2019.01.17"]
[EventType "tourn"]
[EventRounds "9"]
[EventCountry "USA"]
[EventCategory "2"]
[SourceTitle "CBM 188 Extra"]
[Source "ChessBase"]
[SourceDate "2019.02.28"]
[SourceVersion "1"]
[SourceVersionDate "2019.02.28"]
[SourceQuality "1"]

1. e4 c5 2. Nf3 d6 3. d4 cxd4 4. Nxd4 Nf6 5. Nc3 Nc6 6. Bg5 e6 7. Qd2 a6 8. 0-0-0 Bd7 9. f3 Be7 10. h4 h6 11. Be3 h5 12. Qf2 Qc7 13. Nb3 b5 14. Kb1 Ne5 15. Bb6 Qb8 16. Na5 b4 17. Ne2 d5 18. exd5 Nxd5 19. Bd4 Bf6 20. Ng3 Nc6 21. Bxf6 gxf6 22. Nb3 f5 23. Nxf5 Qe5 24. Bd3 a5 25. Rhe1 Qc7 26. Qc5 1-0

[Event "Charlotte CCCSA IM"]
[Site "Charlotte"]
[Date "2018.09.02"]
[Round "6"]
[White "Wang, Wesley"]
[Black "Martin Del Campo C, Roberto Abel"]
[Result "0-1"]
[WhiteElo "2328"]
[BlackElo "2314"]
[PlyCount "58"]
[EventDate "2018.08.30"]
[EventType "tourn"]
[EventRounds "9"]
[EventCountry "USA"]
[EventCategory "2"]
[SourceTitle "CBM 186 Extra"]
[Source "ChessBase"]
[SourceDate "2018.08.24"]
[SourceVersion "1"]
[SourceVersionDate "2018.08.24"]
[SourceQuality "1"]

1. e4 c5 2. Nf3 d6 3. d4 cxd4 4. Nxd4 Nf6 5. Nc3 Nc6 6. Bg5 e6 7. Qd2 a6 8. 0-0-0 Bd7 9. f4 b5 10. Bxb5 axb5 11. Ndxb5 Nb4 12. Nxd6+ Bxd6 13. Qxd6 Nxa2+ 14. Nxa2 Rxa2 15. Bxf6 gxf6 16. c4 Qc8 17. c5 Ba4 18. Kb1 Bxd1 19. Kxa2 Qa8+ 20. Kb1 Qxe4+ 21. Ka1 Qa8+ 22. Kb1 Ba4 23. Re1 Bc6 24. b3 Bd5 25. f5 Qd8 26. Qg3 Kf8 27. fxe6 fxe6 28. Qf4 Kf7 29. g4 Qb8 0-1

[Event "Charlotte CCCSA IM"]
[Site "Charlotte"]
[Date "2018.09.01"]
[Round "4"]
[White "Wang, Wesley"]
[Black "Niemann, Hans Moke"]
[Result "1-0"]
[WhiteElo "2328"]
[BlackElo "2329"]
[PlyCount "87"]
[EventDate "2018.08.30"]
[EventType "tourn"]
[EventRounds "9"]
[EventCountry "USA"]
[EventCategory "2"]
[SourceTitle "CBM 186 Extra"]
[Source "ChessBase"]
[SourceDate "2018.08.24"]
[SourceVersion "1"]
[SourceVersionDate "2018.08.24"]
[SourceQuality "1"]

1. e4 c6 2. d4 d5 3. e5 Bf5 4. Nf3 e6 5. Be2 Nd7 6. 0-0 h6 7. Nbd2 Ne7 8. a4 a5 9. Re1 Bh7 10. c4 Nf5 11. b3 Qb6 12. c5 Qd8 13. g4 Nh4 14. Nxh4 Qxh4 15. Nf1 f6 16. exf6 Nxf6 17. Bf4 Ne4 18. f3 Qf2+ 19. Kh1 Be7 20. Be3 Qxe3 21. Nxe3 Nf2+ 22. Kg2 Nxd1 23. Raxd1 b6 24. cxb6 Rb8 25. Bd3 Bxd3 26. Rxd3 Kd7 27. f4 Bb4 28. Rf1 Kd6 29. g5 hxg5 30. fxg5 Rh5 31. h4 Rxh4 32. Rf7 Rxb6 33. Rxg7 Rb8 34. Nc2 Rbh8 35. Nxb4 Rh2+ 36. Kf1 Rb2 37. Kg1 axb4 38. g6 Rhh2 39. Rg3 Rhf2 40. Ra7 Rf8 41. g7 Rb1+ 42. Kg2 Rg8 43. Rf3 Rb2+ 44. Kf1 1-0

[Event "North Eastern Masters IM 2nd"]
[Site "Washington DC"]
[Date "2018.05.21"]
[Round "7"]
[White "Stearman, Josiah P"]
[Black "Wang, Wesley"]
[Result "0-1"]
[WhiteElo "2368"]
[BlackElo "2322"]
[PlyCount "104"]
[EventDate "2018.05.18"]
[EventType "tourn"]
[EventRounds "9"]
[EventCountry "USA"]
[EventCategory "3"]
[SourceTitle "CBM 184 Extra"]
[Source "ChessBase"]
[SourceDate "2018.06.28"]
[SourceVersion "1"]
[SourceVersionDate "2018.06.28"]
[SourceQuality "1"]

1. e4 c5 2. Nc3 e6 3. g3 d5 4. Bg2 d4 5. Nce2 e5 6. d3 Nc6 7. f4 Bd6 8. Nf3 Bg4 9. 0-0 Nge7 10. c3 dxc3 11. bxc3 Qd7 12. Be3 Rd8 13. Qa4 0-0 14. f5 b6 15. Qc2 f6 16. h3 Bh5 17. g4 Be8 18. Kh1 Bb8 19. Rad1 Na5 20. g5 Qa4 21. Qb1 Qb5 22. Qxb5 Bxb5 23. c4 Ba4 24. Rd2 Rd7 25. Nc3 Bc6 26. gxf6 gxf6 27. Nh2 Kh8 28. h4 Ng8 29. h5 Rfd8 30. Nd5 Bxd5 31. exd5 e4 32. Bxe4 Nxc4 33. dxc4 Re7 34. Bf4 Rxe4 35. Bxb8 Rxb8 36. d6 Rd8 37. Nf3 Nh6 38. Rd5 Ng4 39. Nd2 Re2 40. Rf4 Ne3 41. Re4 Re1+ 42. Kh2 Rg8 43. Rxe3 Rxe3 44. h6 Reg3 45. a4 R3g5 46. Rd3 Rh5+ 47. Rh3 Rxf5 48. Rd3 Rh5+ 49. Rh3 Rxh3+ 50. Kxh3 Rd8 51. Ne4 f5 52. Ng5 Kg8 0-1

[Event "North Eastern Masters IM 2nd"]
[Site "Washington DC"]
[Date "2018.05.19"]
[Round "3"]
[White "Karamsetty, Jeevan"]
[Black "Wang, Wesley"]
[Result "0-1"]
[WhiteElo "2230"]
[BlackElo "2322"]
[PlyCount "98"]
[EventDate "2018.05.18"]
[EventType "tourn"]
[EventRounds "9"]
[EventCountry "USA"]
[EventCategory "3"]
[SourceTitle "CBM 184 Extra"]
[Source "ChessBase"]
[SourceDate "2018.06.28"]
[SourceVersion "1"]
[SourceVersionDate "2018.06.28"]
[SourceQuality "1"]

1. e4 e5 2. Nf3 Nc6 3. Bb5 a6 4. Ba4 Nf6 5. 0-0 Be7 6. Re1 b5 7. Bb3 0-0 8. d4 d6 9. c3 exd4 10. cxd4 Bg4 11. Be3 Na5 12. Bc2 Nd7 13. h3 Bxf3 14. Qxf3 Nc4 15. Nd2 Nxe3 16. Qxe3 Re8 17. f4 c5 18. Nf3 Rc8 19. Rad1 Qc7 20. Bb3 c4 21. Bc2 Qa5 22. e5 dxe5 23. fxe5 Nf8 24. Kh1 Qxa2 25. d5 Qxb2 26. Re2 Bc5 27. Qf4 Qc3 28. d6 Rcd8 29. Ng5 f6 30. e6 fxg5 31. Qf7+ Kh8 32. e7 Qf6 33. exd8Q Rxd8 34. Qd5 Bxd6 35. Qe4 Rc8 36. g4 b4 37. Qf5 Qxf5 38. Bxf5 Rc6 39. Re8 g6 40. Be4 Rb6 41. Rxd6 Rxd6 42. Rxf8+ Kg7 43. Rb8 Rd4 44. Bc2 Rd2 45. Be4 a5 46. Rb5 c3 47. Rxa5 b3 48. Ra7+ Kf6 49. Ra1 c2 0-1

[Event "Charlotte CCCSA Winter IM"]
[Site "Charlotte"]
[Date "2018.01.13"]
[Round "5"]
[White "Wang, Tianqi"]
[Black "Wang, Wesley"]
[Result "1/2-1/2"]
[WhiteElo "2276"]
[BlackElo "2226"]
[PlyCount "116"]
[EventDate "2018.01.11"]
[EventType "tourn"]
[EventRounds "9"]
[EventCountry "USA"]
[EventCategory "2"]
[SourceTitle "CBM 182 Extra"]
[Source "ChessBase"]
[SourceDate "2018.02.23"]
[SourceVersion "1"]
[SourceVersionDate "2018.02.23"]
[SourceQuality "1"]

1. d4 Nf6 2. Bf4 e6 3. e3 c5 4. Nd2 Nc6 5. c3 d5 6. Ngf3 Bd6 7. dxc5 Bxc5 8. Be2 0-0 9. 0-0 b6 10. Re1 Bb7 11. Bf1 Qe7 12. Qc2 Rac8 13. Qb1 Nh5 14. b4 Bd6 15. Bxd6 Qxd6 16. a3 Ne5 17. Nxe5 Qxe5 18. c4 dxc4 19. Nxc4 Qg5 20. Nd6 Rc7 21. Nxb7 Rxb7 22. Qe4 Rd7 23. Red1 Qd8 24. Be2 Nf6 25. Qc4 Nd5 26. Bf3 Qf6 27. Qb5 Rfd8 28. Rac1 Qe7 29. g3 g6 30. Kg2 Kf8 31. Rd4 Kg7 32. Rc2 Kg8 33. h4 h5 34. Rc6 Nc7 35. Rxd7 Qxd7 36. Qe5 Ne8 37. Qc3 Qe7 38. a4 Rd7 39. a5 bxa5 40. bxa5 Rc7 41. Qb3 Rxc6 42. Bxc6 Nf6 43. Qb8+ Kg7 44. Qe5 Qb4 45. Bf3 Qc4 46. Bb7 Qb4 47. Ba8 Qc4 48. Bf3 Qc8 49. Qd6 Qc3 50. a6 Qc4 51. Bb7 Ng4 52. Qd2 Ne5 53. Qb2 f6 54. Qa3 Qc7 55. Qa4 Nd7 56. Qd4 Nc5 57. f3 Nxb7 58. axb7 Qc2+ 1/2-1/2

[Event "Charlotte CCCSA Winter IM"]
[Site "Charlotte"]
[Date "2018.01.12"]
[Round "2"]
[White "Wang, Wesley"]
[Black "Young, Angelo"]
[Result "1/2-1/2"]
[WhiteElo "2226"]
[BlackElo "2273"]
[PlyCount "61"]
[EventDate "2018.01.11"]
[EventType "tourn"]
[EventRounds "9"]
[EventCountry "USA"]
[EventCategory "2"]
[SourceTitle "CBM 182 Extra"]
[Source "ChessBase"]
[SourceDate "2018.02.23"]
[SourceVersion "1"]
[SourceVersionDate "2018.02.23"]
[SourceQuality "1"]

1. e4 c5 2. Nf3 d6 3. d4 cxd4 4. Nxd4 e6 5. c4 Nf6 6. Nc3 Be7 7. Be2 0-0 8. 0-0 Na6 9. Be3 Nc5 10. f3 a5 11. Qd2 a4 12. Ndb5 Qb6 13. Rfd1 Ne8 14. b4 axb3 15. axb3 Rxa1 16. Rxa1 Nxb3 17. Bxb6 Nxd2 18. Ra3 d5 19. Ra8 Bd7 20. exd5 Nd6 21. Rxf8+ Kxf8 22. Nxd6 Bxd6 23. Ne4 Nxe4 24. fxe4 f5 25. dxe6 Bxe6 26. exf5 Bxf5 27. Bf3 Bc8 28. h3 Bg3 29. Kf1 Be6 30. c5 Bc4+ 31. Kg1 1/2-1/2

[Event "Philadelphia op 11th"]
[Site "Philadelphia"]
[Date "2017.04.15"]
[Round "6"]
[White "Wang, Wesley"]
[Black "Mandizha, Farai"]
[Result "1/2-1/2"]
[WhiteElo "2111"]
[BlackElo "2359"]
[PlyCount "72"]
[EventDate "2017.04.12"]
[EventType "swiss"]
[EventRounds "9"]
[EventCountry "USA"]
[SourceTitle "EXT 2018"]
[Source "ChessBase"]
[SourceDate "2017.10.13"]
[SourceVersion "1"]
[SourceVersionDate "2017.10.13"]
[SourceQuality "1"]

1. e4 c5 2. Nf3 d6 3. d4 cxd4 4. Nxd4 Nf6 5. Nc3 g6 6. Be2 Bg7 7. 0-0 0-0 8. Kh1 Nc6 9. Nb3 Be6 10. f4 Na5 11. f5 Bc4 12. Bg5 Rc8 13. Bd3 b5 14. a3 Nc6 15. Nd2 Bxd3 16. cxd3 b4 17. axb4 Nxb4 18. fxg6 hxg6 19. Rxa7 Nxd3 20. Qf3 Ne5 21. Qe2 Ned7 22. Nd5 Rc2 23. Bxf6 exf6 24. b4 Re8 25. Qd3 Qc8 26. Rxd7 Rxd2 27. Qxd2 Qxd7 28. Qd3 Qg4 29. h3 Qh4 30. b5 Rxe4 31. b6 f5 32. b7 Re8 33. Qc2 Kh7 34. Qb3 Be5 35. Nc7 Rb8 36. Na6 Rxb7 1/2-1/2

[Event "Washington Congress 3rd"]
[Site "Arlington"]
[Date "2016.10.10"]
[Round "9"]
[White "Wang, Wesley"]
[Black "De Fotis, Gary"]
[Result "1-0"]
[WhiteElo "2076"]
[BlackElo "1959"]
[PlyCount "61"]
[EventDate "2016.10.05"]
[EventType "swiss"]
[EventRounds "9"]
[EventCountry "USA"]
[SourceTitle "EXT 2018"]
[Source "ChessBase"]
[SourceDate "2017.10.13"]
[SourceVersion "1"]
[SourceVersionDate "2017.10.13"]
[SourceQuality "1"]

1. e4 c5 2. Nf3 d6 3. d4 cxd4 4. Nxd4 Nf6 5. Nc3 a6 6. f4 Qc7 7. a4 e5 8. Nf3 Be7 9. Bd3 0-0 10. 0-0 Nbd7 11. Kh1 Nc5 12. Qe2 Bd7 13. fxe5 dxe5 14. Bg5 Be6 15. Nh4 Rad8 16. Nf5 Bxf5 17. Rxf5 Nxd3 18. cxd3 Qd6 19. Bxf6 Bxf6 20. Nd5 Be7 21. Raf1 g6 22. Qg4 Qe6 23. Qg3 f6 24. R5f3 Kg7 25. Qh4 h5 26. Rg3 Kh6 27. Rh3 Kg7 28. Rhf3 Rc8 29. Qf2 Bd8 30. d4 b6 31. Nxf6 1-0

[Event "Washington Congress 3rd"]
[Site "Arlington"]
[Date "2016.10.09"]
[Round "7"]
[White "Wang, Wesley"]
[Black "Bouzoukis, Charles"]
[Result "0-1"]
[WhiteElo "2076"]
[BlackElo "2098"]
[PlyCount "120"]
[EventDate "2016.10.05"]
[EventType "swiss"]
[EventRounds "9"]
[EventCountry "USA"]
[SourceTitle "EXT 2018"]
[Source "ChessBase"]
[SourceDate "2017.10.13"]
[SourceVersion "1"]
[SourceVersionDate "2017.10.13"]
[SourceQuality "1"]

1. e4 d6 2. d4 Nf6 3. Nc3 Nbd7 4. Nf3 e5 5. Bc4 Be7 6. 0-0 0-0 7. Re1 c6 8. a4 b6 9. h3 a6 10. Bb3 Rb8 11. Qe2 b5 12. axb5 axb5 13. Bg5 h6 14. Bh4 Nh5 15. Bxe7 Qxe7 16. g3 Nb6 17. Kh2 Nf6 18. Rad1 Re8 19. dxe5 dxe5 20. Nh4 Kf8 21. Rd2 Rd8 22. Rxd8+ Qxd8 23. Rd1 Qe7 24. Nf3 Nbd7 25. Ne1 Nc5 26. Nd3 Nxd3 27. Qxd3 Be6 28. Bxe6 Qxe6 29. b4 Qe7 30. Qd6 Qxd6 31. Rxd6 Rc8 32. Rd2 Ke7 33. f4 Nd7 34. Kg2 Nb6 35. Kf2 Nc4 36. Rd1 Ra8 37. fxe5 Ra3 38. Ne2 Nxe5 39. Nd4 g6 40. Nb3 Ra2 41. Rd2 Ra4 42. Rd4 Nc4 43. c3 Ra2+ 44. Kg1 Ra3 45. Nc5 Rxc3 46. Rd7+ Kf6 47. Rc7 Ne5 48. Nd7+ Nxd7 49. Rxd7 Ke6 50. Rc7 Rxg3+ 51. Kf2 Rc3 52. h4 h5 53. Ke2 Rc4 54. Ke3 f5 55. exf5+ Kxf5 56. Rf7+ Kg4 57. Rf6 g5 58. hxg5 Kxg5 59. Rd6 Kf5 60. Kf2 Rf4+ 0-1

[Event "Washington Congress 3rd"]
[Site "Arlington"]
[Date "2016.10.08"]
[Round "6"]
[White "Prasanna Raghuram, Rao"]
[Black "Wang, Wesley"]
[Result "1-0"]
[WhiteElo "2466"]
[BlackElo "2076"]
[PlyCount "59"]
[EventDate "2016.10.05"]
[EventType "swiss"]
[EventRounds "9"]
[EventCountry "USA"]
[SourceTitle "EXT 2018"]
[Source "ChessBase"]
[SourceDate "2017.10.13"]
[SourceVersion "1"]
[SourceVersionDate "2017.10.13"]
[SourceQuality "1"]

1. e4 e5 2. Nf3 Nc6 3. Bb5 a6 4. Ba4 Nf6 5. d3 b5 6. Bb3 Bc5 7. Nc3 d6 8. a4 Rb8 9. axb5 axb5 10. Ne2 Ne7 11. Ng3 Ng6 12. c3 Bb6 13. Bg5 h5 14. Nh4 Nf4 15. d4 Be6 16. Bc2 Qc8 17. Qd2 Ng6 18. Ngf5 Kf8 19. 0-0 Nxh4 20. Nxh4 Ra8 21. h3 Nh7 22. Be3 Rxa1 23. Rxa1 Rg8 24. dxe5 g5 25. Nf5 Bxf5 26. exf5 dxe5 27. Qd5 Nf6 28. Qxe5 Nd7 29. Qe4 Nf6 30. Ra8 1-0

[Event "Washington Congress 3rd"]
[Site "Arlington"]
[Date "2016.10.06"]
[Round "3"]
[White "Brodsky, David"]
[Black "Wang, Wesley"]
[Result "1/2-1/2"]
[WhiteElo "2277"]
[BlackElo "2076"]
[PlyCount "48"]
[EventDate "2016.10.05"]
[EventType "swiss"]
[EventRounds "9"]
[EventCountry "USA"]
[SourceTitle "EXT 2018"]
[Source "ChessBase"]
[SourceDate "2017.10.13"]
[SourceVersion "1"]
[SourceVersionDate "2017.10.13"]
[SourceQuality "1"]

1. d4 Nf6 2. c4 c5 3. d5 b5 4. cxb5 a6 5. bxa6 g6 6. Nc3 Bg7 7. e4 0-0 8. a7 Rxa7 9. Nf3 Ba6 10. Bxa6 Nxa6 11. 0-0 d6 12. a4 Rb7 13. Ra3 Qa5 14. Re1 Nc7 15. Rb3 Rfb8 16. Rxb7 Rxb7 17. e5 Nd7 18. exd6 exd6 19. Re7 Nb6 20. Ng5 Bxc3 21. Qf3 f5 22. bxc3 Qxa4 23. Rxh7 Qc2 24. Rh8+ Kg7 1/2-1/2

[Event "Washington Congress 3rd"]
[Site "Arlington"]
[Date "2016.10.06"]
[Round "3"]
[White "Gorti, Akshita"]
[Black "Wang, Wesley"]
[Result "0-1"]
[WhiteElo "2182"]
[BlackElo "2076"]
[PlyCount "46"]
[EventDate "2016.10.05"]
[EventType "swiss"]
[EventRounds "9"]
[EventCountry "USA"]
[SourceTitle "EXT 2018"]
[Source "ChessBase"]
[SourceDate "2017.10.13"]
[SourceVersion "1"]
[SourceVersionDate "2017.10.13"]
[SourceQuality "1"]

1. d4 d6 2. Nf3 g6 3. g3 Bg7 4. Bg2 Nd7 5. c4 Nh6 6. 0-0 0-0 7. Nc3 e5 8. e4 c6 9. h3 f5 10. Bg5 Qe8 11. dxe5 dxe5 12. Qd2 Nf7 13. Be3 Qe7 14. Rad1 Nc5 15. b4 Ne6 16. Qb2 f4 17. Bd2 Nfg5 18. Nxg5 Nxg5 19. h4 Ne6 20. Rfe1 Nd4 21. c5 Bg4 22. Rc1 Rad8 23. a4 Qf7 0-1

[Event "Windsor NAYCC U12"]
[Site "Windsor"]
[Date "2016.08.10"]
[Round "7.90"]
[White "Shen, Christopher Y"]
[Black "Wang, Wesley"]
[Result "0-1"]
[WhiteElo "2161"]
[BlackElo "2131"]
[PlyCount "118"]
[EventDate "2016.08.07"]
[EventType "swiss"]
[EventRounds "9"]
[EventCountry "CAN"]
[SourceTitle "EXT 2022"]
[Source "ChessBase"]
[SourceDate "2021.10.06"]
[SourceVersion "1"]
[SourceVersionDate "2021.10.06"]
[SourceQuality "1"]

1. c4 c5 2. g3 Nc6 3. Bg2 g6 4. Nc3 Bg7 5. a3 a5 6. e3 d6 7. Nge2 e5 8. d3 Nge7 9. 0-0 0-0 10. Rb1 Be6 11. Nd5 Rb8 12. Nec3 Qd7 13. Qa4 b6 14. Bd2 Bf5 15. Nxe7+ Nxe7 16. Qxd7 Bxd7 17. Ne4 Rfd8 18. b4 axb4 19. axb4 Bc6 20. Rfc1 f5 21. Nc3 Bxg2 22. Kxg2 Kf7 23. Na4 h5 24. bxc5 bxc5 25. Nb6 Rb7 26. Rb5 Rdb8 27. Rcb1 Ke6 28. Nd5 Rxb5 29. Nc7+ Kd7 30. Nxb5 e4 31. Rb3 Nc6 32. f3 Ra8 33. Na3 Bb2 34. Rxb2 Rxa3 35. dxe4 fxe4 36. f4 Ra4 37. Rc2 Ke6 38. Kf2 Ne7 39. Ke2 Nc8 40. Rb2 Rxc4 41. Ba5 Ra4 42. Bd8 Kd7 43. Bf6 Kc6 44. Bd8 d5 45. h3 Nd6 46. g4 hxg4 47. hxg4 Nc4 48. Rb3 Ra2+ 49. Ke1 d4 50. exd4 cxd4 51. Rb4 Ra1+ 52. Kf2 Ra2+ 53. Ke1 Ne3 54. Rb6+ Kd5 55. Rxg6 Ng2+ 56. Kd1 e3 57. Rg5+ Kc4 58. Re5 d3 59. Re4+ Kb3 0-1